She Loves You - The Beatles full Lyrics - Statistics

General Stats
  • This quiz has been taken 51 times
  • The average score is 190 of 227
Answer Stats
Answer % Correct
love
100%
loves
100%
She
100%
she
100%
yeah,
100%
yeah
100%
yeah!
100%
Yeah,
100%
you,
100%
You
100%
you
100%
a
95%
And
92%
and
92%
I
89%
know
86%
be
84%
...be
84%
glad
84%
glad,
84%
glad.
84%
glad!
84%
should
84%
should...
84%
that
81%
that,
81%
think
78%
to
78%
Yes,
78%
her
76%
her.
76%
your
76%
like
73%
say
73%
bad
70%
bad.
70%
can
68%
It's
68%
it's
68%
she's
68%
With
68%
yesterday
68%
me
65%
said
65%
can't
62%
lost
62%
of
62%
saw
62%
says
62%
thinking
62%
what
59%
you've
54%
told
51%
Well,
51%
the
49%
ooh!
46%
But
43%
so
41%
You're
38%
mind
35%
not
35%
almost
32%
Because
32%
hurt
32%
knows
32%
now
32%
only
30%
up
30%
Apologise
27%
fair,
27%
kind
27%
too,
27%
hurting
24%
Pride
16%
No matching quizzes found
Score Distribution
Percent of People with Each Score
Percentile by Number Answered
Your Score History
You have not taken this quiz